[Event "SVK League Cup 1st"]
[Site "Tornelo INT"]
[Date "2021.03.27"]
[Round "1"]
[White "Sustek, Mikulas"]
[Black "Ihnat, Marek1111"]
[Result "1/2-1/2"]
[WhiteElo "1507"]
[BlackElo "2059"]
[PlyCount "57"]
[EventDate "2021.03.27"]
[EventType "swiss"]
[EventRounds "8"]
[EventCountry "SVK"]
[SourceTitle "EXT 2022"]
[Source "ChessBase"]
[SourceDate "2021.10.06"]
[SourceVersion "1"]
[SourceVersionDate "2021.10.06"]
[SourceQuality "1"]

1. e4 c5 2. c3 d5 3. exd5 Qxd5 4. Nf3 Nc6 5. Na3 Bg4 6. Be2 Nf6 7. 0-0 e6 8. Nc2 Bxf3 9. Bxf3 Qd6 10. d4 cxd4 11. Nxd4 Nxd4 12. Qxd4 Qxd4 13. cxd4 Nd5 14. Bd2 Be7 15. Rfe1 Kd7 16. Bxd5 exd5 17. Re5 Bf6 18. Rxd5+ Ke6 19. Rb5 Bxd4 20. Re1+ Kf6 21. Rxb7 Rab8 22. Rxb8 Rxb8 23. b3 Rd8 24. Bb4 Rc8 25. Kf1 Rc2 26. Re2 Rc1+ 27. Re1 Rc2 28. Re2 Rc1+ 29. Re1 1/2-1/2

[Event "Oravska Priehrada op"]
[Site "Namestovo"]
[Date "2017.08.26"]
[Round "4"]
[White "Sustek, Mikulas"]
[Black "Geleta, Andrej"]
[Result "0-1"]
[WhiteElo "1471"]
[BlackElo "1731"]
[PlyCount "98"]
[EventDate "2017.08.25"]
[EventType "swiss"]
[EventRounds "7"]
[EventCountry "SVK"]
[SourceTitle "CBM 180 Extra"]
[Source "ChessBase"]
[SourceDate "2017.10.06"]
[SourceVersion "1"]
[SourceVersionDate "2017.10.06"]
[SourceQuality "1"]

1. e4 e5 2. Nf3 Nc6 3. Bb5 d6 4. d4 Bd7 5. d5 Nce7 6. Bxd7+ Qxd7 7. c4 f5 8. Nc3 Nf6 9. Qc2 h6 10. exf5 Nxf5 11. Ne4 0-0-0 12. Bd2 Be7 13. h3 g5 14. 0-0-0 Rdg8 15. g4 Ng7 16. Bc3 Nge8 17. Nfd2 Rf8 18. b4 Rhg8 19. Kb1 c6 20. Bb2 Kb8 21. dxc6 Qxc6 22. Rhf1 Nd7 23. Qd3 Rf4 24. b5 Qb6 25. Qe3 Qxe3 26. fxe3 Rxf1 27. Rxf1 Rf8 28. Rxf8 Bxf8 29. Nc3 Nc5 30. Kc2 Nf6 31. Ba3 Ncd7 32. Nde4 Kc7 33. Kd3 Nxe4 34. Kxe4 Kd8 35. Nd5 Ke8 36. Nc7+ Kf7 37. Kf5 Nb6 38. Ne6 Nxc4 39. Nxf8 Nxa3 40. b6 axb6 41. Ne6 Nc4 42. Nd8+ Ke7 43. Nxb7 Nxe3+ 44. Kg6 d5 45. Kxh6 Kf6 46. Nd6 d4 47. Ne4+ Ke6 48. Nxg5+ Kd5 49. h4 Nxg4+ 0-1

[Event "SVK-ch U18/20"]
[Site "Liptovsky Mikulas"]
[Date "2017.04.25"]
[Round "5"]
[White "Sustek, Mikulas"]
[Black "Stevlik, Richard"]
[Result "1/2-1/2"]
[WhiteElo "1516"]
[BlackElo "1600"]
[PlyCount "32"]
[EventDate "2017.04.22"]
[EventType "swiss"]
[EventRounds "9"]
[EventCountry "SVK"]
[SourceTitle "CBM 178 Extra"]
[Source "ChessBase"]
[SourceDate "2017.06.22"]
[SourceVersion "1"]
[SourceVersionDate "2017.06.22"]
[SourceQuality "1"]

1. e4 c5 2. Nf3 Nc6 3. d4 cxd4 4. Nxd4 e5 5. Nb5 a6 6. Nd6+ Bxd6 7. Qxd6 Qe7 8. Qxe7+ Ngxe7 9. Bc4 h6 10. Nc3 b5 11. Bb3 Nd4 12. Be3 Nxb3 13. axb3 Bb7 14. f3 0-0 15. Rd1 Bc6 16. Ke2 Rab8 1/2-1/2

[Event "SVK-ch U18/20"]
[Site "Liptovsky Mikulas"]
[Date "2017.04.22"]
[Round "1"]
[White "Kravec, Patrik"]
[Black "Sustek, Mikulas"]
[Result "1-0"]
[WhiteElo "2046"]
[BlackElo "1516"]
[PlyCount "53"]
[EventDate "2017.04.22"]
[EventType "swiss"]
[EventRounds "9"]
[EventCountry "SVK"]
[SourceTitle "CBM 178 Extra"]
[Source "ChessBase"]
[SourceDate "2017.06.22"]
[SourceVersion "1"]
[SourceVersionDate "2017.06.22"]
[SourceQuality "1"]

1. e4 c6 2. c4 d5 3. exd5 cxd5 4. cxd5 Nf6 5. Nc3 Nxd5 6. Nf3 Nc6 7. Bc4 Nxc3 8. bxc3 Qc7 9. 0-0 Bf5 10. Ba3 e6 11. Bxf8 Rxf8 12. d4 0-0-0 13. Be2 h6 14. a4 Kb8 15. Qb3 Na5 16. Qb4 Nc6 17. Qa3 Qd6 18. Qb2 Rd7 19. a5 Ka8 20. Nd2 Kb8 21. Nb3 e5 22. Nc5 Re7 23. Ba6 Bc8 24. Rfb1 Nd8 25. Bxb7 Nxb7 26. a6 Qc6 27. Qa3 1-0

[Event "Oravska Priehrada op"]
[Site "Oravska Priehrada"]
[Date "2016.08.29"]
[Round "7"]
[White "Ganz, Marek"]
[Black "Sustek, Mikulas"]
[Result "1/2-1/2"]
[WhiteElo "1553"]
[BlackElo "1319"]
[PlyCount "121"]
[EventDate "2016.08.26"]
[EventType "swiss"]
[EventRounds "7"]
[EventCountry "SVK"]
[SourceTitle "CBM 174 Extra"]
[Source "ChessBase"]
[SourceDate "2016.10.10"]
[SourceVersion "1"]
[SourceVersionDate "2016.10.10"]
[SourceQuality "1"]

1. e4 c5 2. Nf3 d6 3. Be2 Nc6 4. d4 cxd4 5. Nxd4 Nf6 6. Nc3 Qc7 7. Be3 Nxd4 8. Bxd4 e5 9. Be3 a6 10. Qd2 b5 11. 0-0 Bb7 12. Bf3 Be7 13. Rfc1 b4 14. Nd5 Nxd5 15. exd5 a5 16. a3 bxa3 17. Rxa3 0-0 18. Be4 Qc4 19. Qd3 Qxd3 20. cxd3 Bc8 21. d4 f5 22. Bc2 f4 23. Bd2 exd4 24. Rxa5 Rxa5 25. Bxa5 Bf5 26. Bc7 Bxc2 27. Rxc2 Rf5 28. Re2 Bf8 29. Re4 Rxd5 30. Kf1 d3 31. Ke1 g5 32. b4 Bg7 33. Kd2 Be5 34. Re1 Kf7 35. b5 Rxb5 36. Kxd3 Rb3+ 37. Ke2 Rc3 38. Bb8 Rc8 39. Ba7 d5 40. h3 h5 41. Bb6 d4 42. Kd3 Kf6 43. Bxd4 Bxd4 44. Kxd4 Rc2 45. Rf1 Kf5 46. Kd3 Ra2 47. Kd4 g4 48. Kd3 Ra3+ 49. Kd4 gxh3 50. gxh3 Rxh3 51. f3 h4 52. Kd5 Rg3 53. Rf2 h3 54. Rf1 h2 55. Rh1 Rg2 56. Kd4 Re2 57. Kd3 Re3+ 58. Kd2 Rxf3 59. Rxh2 Kg4 60. Ke2 Kg3 61. Rh3+ 1/2-1/2

[Event "Oravska Priehrada op"]
[Site "Oravska Priehrada"]
[Date "2016.08.28"]
[Round "4"]
[White "Sukta, Stanislaw"]
[Black "Sustek, Mikulas"]
[Result "1/2-1/2"]
[WhiteElo "1445"]
[BlackElo "1319"]
[PlyCount "50"]
[EventDate "2016.08.26"]
[EventType "swiss"]
[EventRounds "7"]
[EventCountry "SVK"]
[SourceTitle "CBM 174 Extra"]
[Source "ChessBase"]
[SourceDate "2016.10.10"]
[SourceVersion "1"]
[SourceVersionDate "2016.10.10"]
[SourceQuality "1"]

1. c4 e5 2. Nc3 Bb4 3. g3 Bxc3 4. bxc3 Nf6 5. Bg2 0-0 6. d3 d6 7. Nf3 Nc6 8. 0-0 Be6 9. Ng5 Bd7 10. f4 Qc8 11. e4 Bg4 12. Qe1 h6 13. Nf3 Bh3 14. f5 Bxg2 15. Kxg2 Re8 16. h3 Ne7 17. g4 Kf8 18. Qh4 Neg8 19. g5 hxg5 20. Nxg5 Ke7 21. Nh7 Kd7 22. Rf3 Nxh7 23. Qxh7 Nf6 24. Qh4 Rh8 25. Qf2 Rh7 1/2-1/2

[Event "Oravska Priehrada op"]
[Site "Oravska Priehrada"]
[Date "2016.08.28"]
[Round "5"]
[White "Sustek, Mikulas"]
[Black "Stevik, Patrik"]
[Result "1-0"]
[WhiteElo "1319"]
[BlackElo "1302"]
[PlyCount "65"]
[EventDate "2016.08.26"]
[EventType "swiss"]
[EventRounds "7"]
[EventCountry "SVK"]
[SourceTitle "CBM 174 Extra"]
[Source "ChessBase"]
[SourceDate "2016.10.10"]
[SourceVersion "1"]
[SourceVersionDate "2016.10.10"]
[SourceQuality "1"]

1. e4 e5 2. Nf3 Nc6 3. Bb5 a6 4. Ba4 Nf6 5. d3 d6 6. c3 b5 7. Bb3 h6 8. 0-0 Be7 9. Re1 Bg4 10. Be3 Na5 11. Bc2 0-0 12. d4 c5 13. dxe5 dxe5 14. Qxd8 Rfxd8 15. Nxe5 Be6 16. Nd2 Nd7 17. Ndf3 Nxe5 18. Nxe5 Nb7 19. Nc6 Re8 20. Nxe7+ Rxe7 21. Red1 c4 22. Rd2 a5 23. Rad1 Bg4 24. f3 Bf5 25. Bxh6 gxh6 26. exf5 Rae8 27. Be4 Nc5 28. Bc6 Re1+ 29. Rxe1 Rxe1+ 30. Kf2 Nd3+ 31. Rxd3 b4 32. Rd8+ Kg7 33. Kxe1 1-0

[Event "Oravska Priehrada op"]
[Site "Oravska Priehrada"]
[Date "2016.08.27"]
[Round "2"]
[White "Salva, Vladimir"]
[Black "Sustek, Mikulas"]
[Result "1-0"]
[WhiteElo "1560"]
[BlackElo "1319"]
[PlyCount "81"]
[EventDate "2016.08.26"]
[EventType "swiss"]
[EventRounds "7"]
[EventCountry "SVK"]
[SourceTitle "CBM 174 Extra"]
[Source "ChessBase"]
[SourceDate "2016.10.10"]
[SourceVersion "1"]
[SourceVersionDate "2016.10.10"]
[SourceQuality "1"]

1. d4 Nf6 2. c4 e6 3. Nc3 Bb4 4. Bg5 c5 5. Nf3 0-0 6. e3 d5 7. Bd3 dxc4 8. Bxc4 Nbd7 9. 0-0 b6 10. Ne4 cxd4 11. Qxd4 Bc5 12. Nxc5 bxc5 13. Qh4 Bb7 14. Rfd1 Qc7 15. Bf4 Qb6 16. Ne5 Nxe5 17. Bxe5 Nd5 18. e4 Nc7 19. Qg3 Ne8 20. Rd7 Bxe4 21. Rd6 Qb4 22. Bxe6 fxe6 23. Rxe6 Qb7 24. Qh4 Bg6 25. Re7 Qe4 26. Qxe4 Bxe4 27. Bxg7 Nxg7 28. Rxe4 Rfe8 29. Rc4 Re5 30. Kf1 Rd8 31. Rc2 Red5 32. Re1 Rd2 33. Rxc5 Rxb2 34. Rc7 Rxa2 35. g3 Rdd2 36. Ree7 Rxf2+ 37. Ke1 Nh5 38. g4 a5 39. gxh5 a4 40. h6 a3 41. Rc8+ 1-0